Allgemein Wissen - #01 - Statistiken

Allgemein
  • Dieses Quiz wurde 899 mal gespielt
  • Das Durchschnittsergebnis liegt bei 3 aus 7
Antwortstatistiken
Frage Antwort % Korrekt
Was ist ein Sonett ? Eine Gedichtsform
73%
Mit welcher Tiergruppe sind die Dinosaurier am engsten verwandt? Vögel
70%
Wie viele Oscars gewann der Film Titanic? 11 Oscars
59%
Aus wie vielen Einzelknochen besteht eine menschliche Hand? 27
48%
Von wem kam das Zitat: "Auf, auf und davon!" Spiderman
31%
Von wem kam das Zitat:" Wenn du dich verloren fühlst, sieh einfach in die Augen der Menschen, die du liebst" Thor
24%
Welches Land hat das kleinste Bruttoinlandsprodukt der Welt Burundi
21%
Keine übereinstimmenden Quizze gefunden
Verteilung der Resultate
Anzahl Personen mit jedem Resultat
Perzentil nach korrekt beantworteten Fragen
Ihre Resultats-Entwicklung
Sie haben dieses Quiz noch nicht gespielt